Fortune 100 Cities - Statistics

General Stats
  • This quiz has been taken 126 times
  • The average score is 26 of 38
Answers on the Map
Answers color-coded by a green-red scale on the quiz's map according to % correct below.
 
Answer Stats
Number of Companies Biggest Company Answer % Correct
18 JPMorgan Chase New York
100%
5 McKesson Dallas
95%
1 Walt Disney Los Angeles
95%
1 World Kinect Miami
95%
10 Apple San Francisco Bay
95%
5 Walgreens Chicago
94%
2 Ford Detroit
94%
6 Exxon Mobil Houston
94%
3 Amazon Seattle
92%
4 Home Depot Atlanta
90%
3 General Electric Boston
89%
1 Nike Portland
89%
3 Tesla Austin
88%
6 Fannie Mae Washington, D.C.
85%
4 UnitedHealth Minneapolis
81%
1 HCA Healthcare Nashville
81%
2 Cencora Philadelphia
80%
1 Centene St. Louis
80%
2 Bank of America Charlotte
79%
2 Kroger Cincinnati
79%
2 Cardinal Health Columbus
78%
1 Progressive Cleveland
77%
1 Valero Energy San Antonio
77%
1 Elevance Health Indianapolis
76%
1 FedEx Memphis
76%
1 Berkshire Hathaway Omaha
69%
1 Performance Food Group Richmond
57%
1 Humana Louisville
56%
1 Cigna Group Hartford
55%
1 Albertsons Boise
54%
1 CVS Providence
54%
2 Walmart Bentonville
43%
1 Deere Quad Cities
16%
1 State Farm Insurance Bloomington
11%
1 Dow Midland
10%
1 Marathon Petroleum Findlay
7%
1 Publix Super Markets Lakeland
7%
1 Bristol-Myers Squibb Princeton
6%
No matching quizzes found
Score Distribution
Percent of People with Each Score
Percentile by Number Answered
Your Score History
You have not taken this quiz